[Event "CHI-ch qual Region de los Rios"]
[Site "Valdivia"]
[Date "2016.01.31"]
[Round "4"]
[White "Gomez Barrera, Javiera Belen"]
[Black "Lepe Villanueva, Matias Ignacio"]
[Result "1/2-1/2"]
[WhiteElo "1952"]
[BlackElo "1866"]
[PlyCount "94"]
[EventDate "2016.01.29"]
[EventType "tourn"]
[EventRounds "5"]
[EventCountry "CHI"]
[SourceTitle "EXT 2024"]
[Source "ChessBase"]
[SourceDate "2023.10.10"]
[SourceVersion "1"]
[SourceVersionDate "2023.10.10"]
[SourceQuality "1"]

1. e4 e6 2. d4 d5 3. Nc3 Nf6 4. e5 Nfd7 5. f4 c5 6. Nf3 Nc6 7. Be3 Be7 8. Qd2 b6 9. Be2 0-0 10. 0-0 f5 11. dxc5 Nxc5 12. Nd4 Bd7 13. g4 g6 14. g5 Nxd4 15. Bxd4 Kf7 16. Bf3 Bc6 17. h4 h6 18. Kg2 Ne4 19. Bxe4 dxe4 20. Qe3 hxg5 21. hxg5 Rh8 22. Rh1 Qc7 23. Rh3 Rxh3 24. Qxh3 e3+ 25. Kf1 Bf8 26. Qxe3 Bg7 27. Ke2 Rh8 28. Re1 Rh2+ 29. Kd1 Be4 30. Re2 Rh1+ 31. Re1 Rh2 32. Re2 Rxe2 33. Qxe2 Qd8 34. Nb5 Bf8 35. Qh2 Bf3+ 36. Kc1 Bh5 37. Qh1 Qd7 38. Nd6+ Bxd6 39. exd6 Qxd6 40. Be5 Qd5 41. Qxd5 exd5 42. Kd2 Ke6 43. Bd4 Kd7 44. Ke3 Kc6 45. Bg7 Kc5 46. Kd3 Bf3 47. Bf8+ Kc6 1/2-1/2